00447 2200181 4500001002100000005001500021008004100036020001800077035001900095041000700114082000900121090001200130100002000142245003700162260003100199300002500230650001000255INLIS00000000000834420241224113630241224||||||||| | ||| |||| || |  a979-33-0436-7 0010-1224008344 aen0 aNONE aF AMI k0 aArleen Amidjaja00aKodi on Stage (Kodi di Panggung) aSolobTiga Serangkaic2006 a20x20,5 cm, 24 hlm.; 0afiksi